000 00492 a2200181 4500
003 OSt
005 20260305142944.0
008 260305b |||||||| |||| 00| 0 eng d
020 _a9789357328722
040 _coclc
082 _a894.8123
_bKIR/D
100 0 _aMāyā Kiraṇ
_910612
245 _aDEJA VU /
_cMAYA KIRAN
250 _a5th Ed.
260 _aKottayam:
_bD C Books.
_c2024,
300 _a254 pages
942 _2ddc
_cBK
_h894.8123
_iKIR/D
_k894.8123
_mKIR/D
999 _c44629
_d44629